Az amerikaiak tudnák, hogyan Az agrárturizmus lehetöségeiröl

Bibliographic Details
Main Author: (gazdag) (Author)
Format: Article
Language:Hungarian
Slovak
Subjects:

MARC

LEADER 00000nab a2200000 a 4500
001 vtls000924001
003 SK-MaSNL
005 20260318125040.0
008 040720e19950928xo 0 hun
035 |a KE32878 
040 |a KEVKJB  |b slo  |c KEVKJB  |e AACR2 
041 1 |h slo 
044 |a xo  |c SK 
080 |a 338.48  |2 1981 
100 0 |a (gazdag)  |4 aut  |9 880778 
245 1 3 |a Az amerikaiak tudnák, hogyan  |b Az agrárturizmus lehetöségeiröl 
650 0 7 |a agroturistika  |2 KEVKJB  |9 682 
650 0 7 |a semináre  |2 KEVKJB  |9 18562 
650 0 7 |a rozhovory  |2 KEVKJB  |9 453585 
651 7 |a Moldava nad Bodvou (Slovensko)  |2 KEVKJB  |9 20255 
651 7 |a KS,  |2 KEVKJB  |9 880381 
655 7 |a periodikum  |2 snkbucl  |9 29553 
773 0 8 |t Új Szó  |g Roč. 48  |g Roč. 28, č.224, 28.9.1995, s. 6 
852 |a ZVYKNI  |b KIS3GCP 
999 |c 2617708  |d 2619638